MARC

LEADER 00000nam0a2200000 4500
001 331082
005 20231102004324.0
035 |a (RuTPU)RU\TPU\book\356870 
090 |a 331082 
100 |a 20170414d1980 km y0rusy50 ca 
101 0 |a rus 
102 |a RU 
105 |a a z 001zy 
200 1 |a Совершенствование системы показателей эффективности и качества  |f И. М. Сыроежкин,  
210 |a Москва  |c Экономика  |d 1980 
215 |a 191 с.  |c ил. 
320 |a Библиогр.: с. 189-190 
606 1 |a Промышленные предприятия  |x Технологические процессы  |2 stltpush  |3 (RuTPU)RU\TPU\subj\73585  |9 86509 
610 1 |a экономические показатели 
610 1 |a эффективность 
610 1 |a качество 
610 1 |a результативность 
610 1 |a критерии 
610 1 |a измерение 
610 1 |a моделирование 
610 1 |a сравнение 
610 1 |a нормативные характеристики 
610 1 |a оценка 
610 1 |a внедрение 
675 |a 658.511  |v 4 
700 1 |a Сыроежкин  |b И. М.  |g Иван Михайлович 
801 1 |a RU  |b 63413507  |c 20170414 
801 2 |a RU  |b 63413507  |c 20170417  |g RCR 
942 |c BK